| 000 | 00618nam a22002297a 4500 | ||
|---|---|---|---|
| 001 | 0165 | ||
| 003 | DO-SdBNP | ||
| 005 | 20180222152335.0 | ||
| 007 | 0165 | ||
| 008 | 151005b 1998 ck a 00| 0 spa d | ||
| 020 | _a9586770184 | ||
| 040 |
_aBPMSU _bspa _cBPMSU |
||
| 082 | 4 |
_axxxx _bxxxx |
|
| 100 | 1 | _aValderrama, Ana Maria | |
| 245 | 1 | 0 |
_aGuía familiar de urgencias en el niño : _bmanual de primeros auxilios / _cAna Maria Valderrama |
| 260 |
_aColombia : _bZamora, _c1998. |
||
| 300 |
_a208 p. : _bil. ; _c28 cm. |
||
| 910 | _a202 | ||
| 942 |
_2ddc _cBK |
||
| 945 | _aInventariado, 2018 / BT | ||
| 956 | _aYngrid Lockward | ||
| 999 |
_c9002 _d9002 |
||